[Event "Chioggia op-B 06th"]
[Site "Chioggia"]
[Date "2011.10.09"]
[Round "4"]
[White "Boscolo Nata, Federica"]
[Black "Tiozzo, Andrea"]
[Result "1-0"]
[WhiteElo "1425"]
[BlackElo "1410"]
[PlyCount "23"]
[EventDate "2011.10.07"]
[EventType "swiss"]
[EventRounds "5"]
[EventCountry "ITA"]
[SourceTitle "EXT 2022"]
[Source "ChessBase"]
[SourceDate "2021.10.06"]
[SourceVersion "1"]
[SourceVersionDate "2021.10.06"]
[SourceQuality "1"]

1. e4 e5 2. Nf3 Nc6 3. Bc4 Bc5 4. Nc3 d6 5. h3 Nf6 6. d3 h6 7. Be3 Bb6 8. 0-0 Bxe3 9. fxe3 Nd7 10. Nh2 f6 11. Qh5+ Ke7 12. Qf7# 1-0